000 00314nam a22001337a 4500
008 170424b xxu||||| |||| 00| 0 eng d
020 _a0849339359
041 _aeng
080 _a543
100 _a12
101 _aSHM
245 _aHANDBOOK OF BASIC TABLES FOR CHEMICAL ANALYSIS
_cBRUNO, TH.J
942 _2udc
_cBK
999 _c11712
_d11712